Eastern Utah Libraries Catalog: Duchesne, Heber, Roosevelt, & Vernal

Carpenter's helper / (Record no. 361297)

MARC details
000 -LEADER
fixed length control field 01137pam a2200325 i 4500
001 - CONTROL NUMBER
control field BK0026794979
003 - CONTROL NUMBER IDENTIFIER
control field DLC
005 - DATE AND TIME OF LATEST TRANSACTION
control field 20210510124417.0
008 - FIXED-LENGTH DATA ELEMENTS--GENERAL INFORMATION
fixed length control field 200414s2021 nyua a 000 1 eng
020 ## - INTERNATIONAL STANDARD BOOK NUMBER
International Standard Book Number 9780593123201
Terms of availability 17.99
020 ## - INTERNATIONAL STANDARD BOOK NUMBER
International Standard Book Number 0593123204
Terms of availability 17.99
040 ## - CATALOGING SOURCE
Description conventions rda
092 ## - LOCALLY ASSIGNED DEWEY CALL NUMBER (OCLC)
Classification number E
999 ## - SYSTEM CONTROL NUMBERS (KOHA)
Koha Dewey Subclass [OBSOLETE] 03667606
100 1# - MAIN ENTRY--PERSONAL NAME
Personal name Rosen, Sybil
Relator term author.
9 (RLIN) 6416653
245 10 - TITLE STATEMENT
Title Carpenter's helper /
Statement of responsibility, etc by Sybil Rosen ; illustrated by Camille Garoche.
250 ## - EDITION STATEMENT
Edition statement First edition.
264 #1 - Production, Publication, Distribution, Manufacture, and Copyright Notice.
Place of production, publication, distribution, manufacture New York :
Name of producer, publisher, distributor, manufacturer Schwartz & Wade Books,
Date of production, publication, distribution, manufacture, or copyr [2021]
336 ## - Content Type
Content type term text
336 ## - Content Type
Content type term still image
337 ## - Media type
Media type term unmediated
338 ## - Carrier type
Carrier type term volume
520 ## - SUMMARY, ETC.
Summary, etc Renata and her father halt work on their new bathroom when a pair of wrens builds a nest over the bathtub, allowing Renata to see their chicks hatch and begin to fly.
521 ## - TARGET AUDIENCE NOTE
Target audience note Ages 4-8.
Source Schwartz & Wade Books.
521 ## - TARGET AUDIENCE NOTE
Target audience note Grades K-1.
Source Schwartz & Wade Books.
650 #1 - SUBJECT ADDED ENTRY--TOPICAL TERM
Topical term or geographic name as entry element Wrens
Form subdivision Fiction.
9 (RLIN) 6416654
650 #1 - SUBJECT ADDED ENTRY--TOPICAL TERM
Topical term or geographic name as entry element Birds
Form subdivision Fiction.
9 (RLIN) 5685945
650 #1 - SUBJECT ADDED ENTRY--TOPICAL TERM
Topical term or geographic name as entry element Building
Form subdivision Fiction.
9 (RLIN) 5717522
942 ## - ADDED ENTRY ELEMENTS (KOHA)
Source of classification or shelving scheme Dewey Decimal Classification
Koha item type BOOK
Holdings
Withdrawn status Lost status Source of classification or shelving scheme Damaged status Not for loan Collection code Home library Current library Shelving location Date acquired Source of acquisition Total Checkouts Total Renewals Full call number Barcode Date last seen Date checked out Cost, replacement price Price effective from Koha item type
    Dewey Decimal Classification     Children Picture Books Wasatch County Library Wasatch County Library Main Floor Childrens Area 03/29/2022 Amazon 7 4 E Rosen 34301001825381 01/24/2025 12/04/2023 17.99 03/29/2022 BOOK
This project was made possible through a grant from the Institute of Museum and Library Service administered by the Utah State Library Division.

Wasatch County Library

  • 465 East 1200 South, Heber City, Utah 84032
  • Phone 435-654-1511 | Fax 435-654-6456

Hours

  • Monday - Friday 9:30 AM - 8:00 PM
  • Saturday 9:30 AM - 1:30 PM
  • Closed Sundays and Holidays